000 01424cam a2200433 i 4500
001 data
005 20260322212113.0
008 data
035 _a22836653
906 _a7
_bcbc
_ccopycat
_d3
_encip
_f20
_gy-gencatlg
925 0 _aacquire
_b1 shelf copies
_xpolicy default
010 _a 2021389966
015 _aGBC198623
_2bnb
016 7 _a020235444
_2Uk
020 _a9781292373805
_q(print)
020 _a1292373806
_q(print)
020 _z9781292373782
_q(ePub)
020 _z9781292373799
_q(PDF)
035 _a(OCoLC)1259535173
040 _aUKMGB
_beng
_cUKMGB
_erda
_dDLC
_dUAB
_dOCLCF
_dOCLCO
_dDLC
042 _alccopycat
050 0 0 _aHF5415
_b.M4193 2021
082 0 4 _a658.8
_223
100 1 _aMehta, Ritchie,
_eauthor.
245 1 4 _aThe new marketing playbook :
_bthe latest tools and techniques to grow your business /
_cRitchie Mehta.
264 1 _aHarlow, United Kingdom :
_bPearson,
_c2021.
264 4 _c©2021
300 _axxii, 321 pages :
_billustrations ;
_c24 cm
336 _atext
_btxt
_2rdacontent
337 _aunmediated
_bn
_2rdamedia
338 _avolume
_bnc
_2rdacarrier
504 _aIncludes bibliographical references and index.
650 0 _aMarketing.
650 2 _aMarketing
650 6 _aMarketing.
776 0 8 _iebook version :
_z9781292373782
923 _apurchase
_d20220630
_ni-200013507
_sProQuest
999 _c1689
_d1689